000 00550nam a2200193Ia 4500
005 20250508163219.0
008 008 250505s9999 xx 000 0 eng d
037 _aTextual
040 _aFEDL
_beng
_cFEDL
041 _aeng
_2eng
084 _a370.193, COO
_qFEDL
100 _aCook Lloyd Allen
245 2 _aA sociological approach to education
250 _a3rd
260 _aBombay, India
_bTata McGraw Hill Publishing Company Ltd
_c1960
300 _aix,371p.
942 _cTEXL
_h370.193, COO
999 _c1381552
_d1381552